Bluey Episodes by Title Card Object - Statistics

General Stats
  • This quiz has been taken 341 times
  • The average score is 63 of 154
Answer Stats
Picture Answer % Correct
Magic
85%
Keepy Uppy
78%
Magic Xylophone
76%
Bingo
71%
Bob Bilby
65%
Hospital
65%
The Beach
65%
Grannies
64%
BBQ
63%
Daddy Robot
63%
Fruit Bat
63%
Shadowlands
63%
Sticky Gecko
61%
Takeaway
61%
The Weekend
60%
Dance Mode
58%
Movies
58%
The Doctor
57%
Mum School
56%
Rug Island
56%
Wagon Ride
56%
Hotel
55%
The Claw
55%
The Creek
55%
Yoga Ball
55%
Ice Cream
54%
Duck Cake
53%
Markets
53%
Stumpfest
53%
Bin Night
52%
Featherwand
52%
Charades
51%
The Pool
51%
Camping
50%
Chest
50%
Squash
50%
Christmas Swim
49%
Mr. Monkeyjocks
49%
Typewriter
49%
Asparagus
48%
Queens
48%
The Dump
48%
Bad Mood
47%
Helicopter
47%
Work
47%
Faceytalk
46%
The Show
46%
The Sleepover
46%
Bike
45%
Calypso
45%
Hairdressers
45%
Backpackers
44%
Bumpy and the Wise Old Wolfhound
44%
Daddy Dropoff
44%
Pizza Girls
44%
Rain
44%
Shaun
44%
The Sign
44%
Army
43%
Burger Shop
43%
Bus
43%
Hammerbarn
43%
Horsey Ride
43%
Pavlova
43%
Shops
43%
Swim School
43%
Turtleboy
43%
Barky Boats
42%
Hide and Seek
42%
Perfect
42%
Sleepytime
42%
Spy Game
42%
Taxi
42%
Unicorse
42%
Ghost Basket
41%
Grandad
41%
Neighbours
41%
Early Baby
40%
Easter
40%
Fancy Restaurant
40%
Kids
40%
Library
40%
Omelette
40%
Copycat
39%
Flatpack
39%
Verandah Santa
39%
Butterflies
38%
Curry Quest
38%
Mini Bluey
38%
Muffin Cone
38%
Mums and Dads
38%
Surprise!
38%
Relax
37%
Bedroom
36%
Chickenrat
36%
Fairies
36%
Mount Mumandad
36%
Obstacle Course
36%
Piggyback
36%
Teasing
36%
Zoo
36%
Double Babysitter
35%
Handstand
35%
Whale Watching
35%
Café
33%
Dad Baby
33%
Daddy Putdown
33%
Exercise
33%
Granny Mobile
33%
Show and Tell
33%
The Quiet Game
33%
Postman
32%
Stickbird
32%
Pass the Parcel
31%
Sheepdog
31%
Tradies
31%
Trains
31%
Dragon
30%
Family Meeting
30%
Housework
30%
Cricket
29%
Phones
29%
Road Trip
29%
Wild Girls
29%
Baby Race
28%
Explorers
28%
Favourite Thing
28%
Promises
28%
Smoochy Kiss
28%
Ticklecrabs
28%
Musical Statues
27%
Onesies
27%
Blue Mountains
26%
Cubby
26%
Escape
26%
Pirates
26%
Tina
26%
The Adventure
25%
Seesaw
24%
The Decider
24%
Stories
23%
Space
22%
Trampoline
22%
TV Shop
22%
Dirt
20%
Driving
20%
Octopus
20%
Born Yesterday
19%
Circus
18%
Dunny
18%
Fairytale
18%
Puppets
17%
Ragdoll
17%
Slide
17%
No matching quizzes found
Score Distribution
Percent of People with Each Score
Percentile by Number Answered
Your Score History
You have not taken this quiz